Les pays d'émigration - Statistiques

Statistiques générales
  • Ce quiz a été pris 63 fois
  • Le résultat moyen est 58 sur 107
Statistiques - réponses
Rang
Solde migratoire
négatif
Pays % Correct
73 0.90 Algérie
92%
34 3.20 Maroc
88%
88 0.40 Chine
82%
32 3.80 RD Congo
82%
97 0.20 RD Congo
82%
58 1.70 Tunisie
82%
104 0.10 Brésil
77%
62 1.50 Sénégal
77%
26 4.50 Turquie
77%
82 0.50 Niger
75%
82 0.50 Egypte
73%
68 1.20 Irak
73%
97 0.20 Iran
73%
30 3.90 Mali
73%
55 1.80 Mexique
73%
97 0.20 Nigeria
70%
77 0.80 Mauritanie
68%
80 0.60 Colombie
67%
65 1.30 Pakistan
67%
73 0.90 Afghanistan
65%
104 0.10 Argentine
65%
104 0.10 Cameroun
65%
69 1.10 Indonésie
65%
97 0.20 Kenya
65%
44 2.20 Pérou
65%
15 6.50 Somalie
65%
29 4.10 Soudan
65%
55 1.80 Ghana
63%
97 0.20 Roumanie
62%
97 0.20 Ethiopie
60%
48 2.00 Haïti
60%
82 0.50 Tanzanie
60%
73 0.90 Uruguay
60%
67 1.21 Venezuela
60%
104 0.10 Paraguay
58%
34 3.20 Tchad
58%
92 0.30 Vietnam
58%
24 4.90 Cuba
57%
4 13.90 Erythrée
57%
51 1.90 Guatemala
57%
2 20.30 Liban
57%
97 0.20 Panama
57%
48 2.00 Philippines
57%
73 0.90 Afrique-du-Sud
55%
33 3.30 Albanie
55%
20 5.70 Arménie
55%
42 2.40 Comores
55%
61 1.60 Géorgie
55%
88 0.40 Oman
55%
69 1.10 Laos
53%
88 0.40 Pologne
53%
82 0.50 Bolivie
52%
92 0.30 Cambodge
52%
80 0.60 Cap vert
52%
77 0.80 Mongolie
52%
40 2.70 Nicaragua
52%
12 8.00 Salvador
52%
37 3.10 Bangladesh
50%
15 6.50 Fidji
50%
48 2.00 Gabon
50%
69 1.10 Honduras
50%
13 6.80 Lesotho
50%
92 0.30 Malaisie
50%
55 1.80 Turkménistan
50%
9 8.50 Zimbabwe
50%
82 0.50 Arabie Saoudite
48%
7 9.40 Moldavie
48%
44 2.20 Ouzbékistan
48%
51 1.90 Republique dominicaine
48%
41 2.50 Sainte-Lucie
48%
65 1.30 Sri Lanka
48%
92 0.30 Bulgarie
47%
34 3.20 Estonie
47%
6 12.70 Maldives
47%
51 1.90 Mozambique
47%
44 2.20 Népal
47%
79 0.70 Ouganda
47%
69 1.10 Tadjikistan
47%
51 1.90 Gambie
45%
14 6.70 Tuvalu
45%
62 1.50 Birmanie
43%
22 5.40 Dominique
43%
28 4.30 Jamaïque
43%
17 6.10 Lettonie
43%
82 0.50 Macédoine
43%
1 20.90 Micronésie
43%
23 5.10 Kirghizistan
42%
20 5.70 Liberia
42%
17 6.10 Lituanie
42%
47 2.10 Sierra Leone
42%
88 0.40 Bosnie-Herzégovine
40%
58 1.70 Croatie
40%
25 4.80 Guyana
40%
42 2.40 Koweït
40%
10 8.40 Saint-Vincent-et-les-Grenadines
40%
3 17.80 Tonga
40%
92 0.30 Barbade
38%
5 12.80 Nauru
38%
8 9.10 Samoa
38%
19 5.90 Trinité-et-Tobago
38%
64 1.40 Vanuatu
38%
30 3.90 Timor oriental
37%
38 2.90 Kiribati
35%
26 4.50 Marshall
35%
58 1.70 Salomon
35%
38 2.90 Grenade
33%
11 8.30 Sao Tomé et Principe
33%
Aucun quiz correspondant
Distribution des résultats
% des personnes avec chaque résultat
Percentile par nombre de réponses
Votre historique - résultats
Vous n’avez pas pris ce quiz